000
00260nam a22001217a 4500
008
181204b xxu||||| |||| 00| 0 eng d
041
_a
eng
080
_a
621
100
_a
27
101
_a
MEK
245
_a
Engineering Mechanics
_c
Higdon, A
942
_2
udc
_c
BK
999
_c
52819
_d
52819